| 000 | 00452nam a2200157Ia 4500 | ||
|---|---|---|---|
| 999 |
_c35368 _d35368 |
||
| 003 | GCL | ||
| 005 | 20240530102924.0 | ||
| 008 | 140319s9999 xx 000 0 ara d | ||
| 040 |
_aGCL / _cGCL |
||
| 082 | 0 | 4 |
_a239.8 _bس ف |
| 245 | 1 | 0 |
_aفاطمة الزهراء وتر فى غمد _cسليمان كتانى |
| 260 |
_a[S.N] : _bدار الكتاب العربى ، _c1979 |
||
| 300 | _a148 ص | ||
| 700 | _aسليمان كتانى | ||
| 942 |
_2ddc _cBK |
||